Statistics for Cities and Villages in Cook County Illinois

Click here to take the quiz!

General Stats

  • This quiz has been taken 37 times
  • The average score is 54 of 132

Answer Stats

HintAnswer% Correct
CityChicago
96%
TownCicero
96%
CityEvanston
87%
VillageOak Park
87%
CityBerwyn
83%
CityDes Plaines
83%
VillageOak Lawn
83%
VillageSchaumburg
83%
VillagePalatine
78%
VillageTinley Park
78%
VillageArlington Heights
74%
CityChicago Heights
74%
VillageNorthbrook
74%
CityPalos Heights
74%
CityPalos Hills
74%
VillageWilmette
74%
CityCalumet City
70%
VillageOrland Park
70%
VillageRiver Forest
70%
VillageSkokie
70%
VillageGlenview
65%
VillageNiles
65%
CityBlue Island
61%
CityElgin
61%
VillageHomewood
61%
VillagePalos Park
61%
VillageWinnetka
61%
VillageAlsip
57%
VillageBarrington
57%
VillageBuffalo Grove
57%
VillageElk Grove Village
57%
VillageForest Park
57%
VillageMorton Grove
57%
VillageMount Prospect
57%
CityPark Ridge
57%
VillageRiverside
57%
CityBurbank
52%
VillageFlossmoor
52%
VillageGlencoe
52%
VillageRosemont
52%
CityHarvey
48%
VillageHinsdale
48%
VillageHoffman Estates
48%
VillageNorridge
48%
CityOak Forest
48%
VillageBrookfield
43%
VillageDeerfield
43%
VillageHillside
43%
VillageKenilworth
43%
VillageLyons
43%
VillageMaywood
43%
VillageRiver Grove
43%
VillageDolton
39%
VillageElmwood Park
39%
VillageInverness
39%
VillageLa Grange
39%
VillageLansing
39%
VillageNorthfield
39%
VillagePark Forest
39%
VillageWestchester
39%
VillageWestern Springs
39%
VillageWheeling
39%
VillageBarrington Hills
35%
VillageBedford Park
35%
VillageBurr Ridge
35%
VillageCrestwood
35%
VillageEvergreen Park
35%
VillageFranklin Park
35%
VillageGolf
35%
VillageHanover Park
35%
VillageLincolnwood
35%
VillageMatteson
35%
VillageMelrose Park
35%
VillageOlympia Fields
35%
VillageSchiller Park
35%
VillageWorth
35%
VillageBellwood
30%
VillageBensenville
30%
VillageBerkeley
30%
VillageBridgeview
30%
VillageCalumet Park
30%
VillageHarwood Heights
30%
VillageLemont
30%
CityMarkham
30%
VillageMcCook
30%
CityNorthlake
30%
VillageNorth Riverside
30%
VillageOrland Hills
30%
CityProspect Heights
30%
VillageRobbins
30%
CityRolling Meadows
30%
VillageSauk Village
30%
VillageSouth Holland
30%
VillageSummit
30%
VillageChicago Ridge
26%
VillageDeer Park
26%
CityHickory Hills
26%
VillageMidlothian
26%
VillageSouth Barrington
26%
VillageStreamwood
26%
VillageBurnham
22%
CityCountry Club Hills
22%
VillageFord Heights
22%
VillageForest View
22%
CityHometown
22%
VillageJustice
22%
VillageLa Grange Park
22%
VillageRoselle
22%
VillageStickney
22%
VillageStone Park
22%
VillageThornton
22%
VillageUniversity Park
22%
VillageWoodridge
22%
VillageBartlett
17%
VillageBroadview
17%
VillageEast Dundee
17%
VillageGlenwood
17%
VillageLynwood
17%
VillageRichton Park
17%
VillageRiverdale
17%
VillageSouth Chicago Heights
17%
CityCountryside
13%
VillageHazel Crest
13%
VillageHodgkins
13%
VillageIndian Head Park
13%
VillageMerrionette Park
13%
VillagePosen
13%
VillageWillow Springs
13%
VillageDixmoor
9%
VillageEast Hazel Crest
9%
VillagePhoenix
9%
VillageSteger
9%

Score Distribution

Percentile by Number Answered

Percent of People with Each Score

Your Score History

You have not taken this quiz